000 006300000a22001810004500
005 20240605154638.0
008 230817t2002 ||||| |||| 00| 0 eng d
020 _a9555800634
082 _a305.4
_bALW
100 _aAlwis, Malathi de
245 _aCapacity building in conflict zones:
_ba feminist analysis of humanitarian assistance in Sri Lanka
260 _bColombo:
_aInternational Center for Ethnic Studies,
_c2002
300 _a64 p., [5] leaves of plates : col. ill., map ; 22 cm.
650 _aFeminist ethics- Sri Lanka
650 _a Women- Sri Lanka -Social conditions
700 _aHyndman, Jennifer
942 _cRP
999 _c612
_d612